التربية الخاصة للموهوبين والمعوقون وسبل رعايتهم وإرشادهم / (رقم التسجيلة. 62657)

تفاصيل مارك
000 -الفاتح
عناصر البيانات ثابتة الطول 00700cam a2200181 i 4500
005 - تاريخ ووقت آخر معاملة
حقل ضبط 20251110093538.0
008 - عناصر البيانات ثابتة الطول
عناصر البيانات ثابتة الطول 250721s2003 jo a gr 000 0 ara d
082 14 - رقم تصنيف ديوي العشري
رقم التصنيف 371.9
رقم المادة ز ع ب
100 1# - مدخل رئيسي – اسم شخصي
الاسم الشخصي الزعبي، أحمد
علاقة الشخص بالعمل/ دوره مؤلف.
245 12 - بيان العنوان
العنوان التربية الخاصة للموهوبين والمعوقون وسبل رعايتهم وإرشادهم /
بيان المسؤولية الدكتور أجمد محمد الزعبي.
264 31 - بيانات النشر، التوزيع…إلخ
مكان النشر، التوزيع...إلخ عمان :
اسم الناشر، الموزع...إلخ دار زهران للنشر والتوزيع،
تاريخ النشر، التوزيع...إلخ 2003.
300 ## - الوصف المادي
عدد الوحدات المكونة للوعاء 282 صفحة.
650 17 - مدخل إضافي بالموضوع - مصطلح موضوعي
مصطلح موضوعي أو اسم جغرافي كعنصر مدخل التربية الخاصة.
650 17 - مدخل إضافي بالموضوع - مصطلح موضوعي
مصطلح موضوعي أو اسم جغرافي كعنصر مدخل التعليم.
650 17 - مدخل إضافي بالموضوع - مصطلح موضوعي
مصطلح موضوعي أو اسم جغرافي كعنصر مدخل الطلاب المعوقون.
942 ## - بيانات إضافية (كوها)
نوع التنصيف Dewey Decimal Classification
نوع المادة (كوها) كتب
المقتنيات
حالة السحب حالة الفقدان مصدر التصنيف حالة التلف غير قابل للإعارة المكتبة الرئيسية المكتبة الحالية موقع الرف تاريخ التزويد الرقم المتسلسل Total Checkouts رقم الإستدعاء الباركود تاريخ آخر ظهور تاريخ الفاتورة نوع المادة (كوها)
    Dewey Decimal Classification     المكتبة المركزية المكتبة المركزية الإعارة 06/07/2004 586060   371.9/زعب 586060 28/07/2025 06/07/2004 كتب
    Dewey Decimal Classification     المكتبة المركزية المكتبة المركزية الإعارة 30/05/2016 1626082   371.9 / ز ع ب PLD00390443 28/07/2025 30/05/2016 كتب
    Dewey Decimal Classification     مكتبة أبو علندا العامة مكتبة أبو علندا العامة الإعارة 06/07/2004 586075   371.9/زعب 586075 28/07/2025 06/07/2004 كتب
    Dewey Decimal Classification     مكتبة أم قصير والمقابلين العامة مكتبة أم قصير والمقابلين العامة الإعارة 24/08/2008 586074   371.9/زعب PLD00036995 28/07/2025 24/08/2008 كتب
    Dewey Decimal Classification Unchecked   مكتبة الجويدة مكتبة الجويدة الإعارة 28/07/2025 586070   371.9/زعب   28/07/2025 28/07/2025 كتب
    Dewey Decimal Classification Unchecked   مكتبة الحسن العامة مكتبة الحسن العامة الإعارة 28/07/2025 586071   371.9/زعب   28/07/2025 28/07/2025 كتب
    Dewey Decimal Classification     مكتبة حمزة العامة مكتبة حمزة العامة الإعارة 06/07/2004 586072   371.9/زعب 586072 28/07/2025 06/07/2004 كتب
    Dewey Decimal Classification     مكتبة صويلح العامة مكتبة صويلح العامة الإعارة 06/07/2004 586067   371.9/زعب 586067 28/07/2025 06/07/2004 كتب
    Dewey Decimal Classification     مكتبة وادي السير العامة مكتبة وادي السير العامة الإعارة 28/07/2025 586076   371.9/زعب 586076 28/07/2025 28/07/2025 كتب
Implemented & Customized by: BBB with SCIT (Smart Chains for Information Technology)

Powered by Koha